| 000 | 00718nam a22002417a 4500 | ||
|---|---|---|---|
| 999 |
_c1214 _d1214 |
||
| 001 | 19110 | ||
| 003 | BD-DhUAP | ||
| 005 | 20200203164249.0 | ||
| 008 | 200203s2013 ii ||||| |||| 001 0 eng d | ||
| 020 | _a9789350352878 | ||
| 040 |
_aBD-DhUAP _bEng _cBD-DhUAP _dBD-DhUAP |
||
| 082 |
_223 _a340.59 MAH |
||
| 100 | _aMahmood, Tahir. | ||
| 245 |
_aIntroduction to Muslim law / _cTahir Mahmood and Saif Mahmood. |
||
| 260 |
_aNew Delhi : _bUniversal Law Pub., _c2013. |
||
| 300 |
_axxviii, 302 pages ; _c24 cm. |
||
| 500 | _aIncludes index. | ||
| 650 |
_aIslamic law _zIndia. |
||
| 650 | _aMuslims--Legal status, laws, etc. | ||
| 650 |
_aDomestic relations _z India. |
||
| 700 | _aMahmood, Saif. | ||
| 942 |
_2ddc _cBK |
||